| 000 | 00380nam a2200145Ia 4500 | ||
|---|---|---|---|
| 008 | 151213s9999 xx 000 0 und d | ||
| 100 | _aBangladesh Bank | ||
| 245 |
_aAnnual Imports Payments -2008-009 _cBangladesh Bank |
||
| 260 |
_aDhaka _bBangladesh Bank _c2008-009 |
||
| 300 | _a7304 p. | ||
| 650 | _aReference | ||
| 650 | _aReport | ||
| 700 | _aBangladesh Bank | ||
| 999 |
_c3874 _d3874 |
||